| 000 | 00433nam a2200169Ia 4500 | ||
|---|---|---|---|
| 003 | |||
| 005 | 20180117100655.0 | ||
| 008 | 180117s9999 xx 000 0 und d | ||
| 008 | 180117s9999 xx 000 0 und d | ||
| 100 | _aby Senator Loren Legarda | ||
| 245 | _a6 Onward, Culture! | ||
| 260 | _c2017 | ||
| 300 | _a6-10 pages, 2017 September 24 | ||
| 440 | _aPhilippine Panorama | ||
| 650 | _aCULTURE | ||
| 942 |
_2lcc _cSE |
||
| 999 |
_c353283 _d353283 |
||